| 000 | 00852nam a2200253Ia 4500 | ||
|---|---|---|---|
| 003 | OSt | ||
| 005 | 20221005113001.0 | ||
| 006 | a|||||r|||| 00| 0 | ||
| 007 | ta | ||
| 008 | 221004b |||||||| |||| 00| 0 pan d | ||
| 020 |
_a9788171165971 _c300 |
||
| 024 | _a2480 | ||
| 037 |
_b693, 16/01/2013, Bright Book Service _cTextual |
||
| 040 |
_aCRL _cCRL _bpan |
||
| 041 |
_2pan _apan |
||
| 082 | _aO153,1v, Q2 | ||
| 100 | _aਅਵਤਾਰ ਸਿੰਘ | ||
| 245 | 0 | _aਪੰਜਾਬੀ ਮਹਾਂਕਵਿ ਦਾ ਵਿਕਾਸ | |
| 260 |
_aਦਿੱਲੀ _bਨੈFਨਲ ਬੁਕ Fਾਪ ਭਾਰਤ _c2012 |
||
| 300 |
_a208ਪੰ _ccm. |
||
| 650 | _aਪੰਜਾਬੀ ਸਾਹਿਤ | ||
| 942 |
_hO153,1v, Q2 _cTEXL _2cc |
||
| 999 |
_c1026648 _d1026648 |
||